000 00653nam a22002297a 4500
003 UA-OsUOA
001 25186
007 ta
008 20040322b un ||||| |||| 00| 0 ukr d
100 _aНікітіна Ніна
090 _a026
_bН11
942 _cSA
040 _aUA-OsUOA
_bukr
_cUA-OsUOA
_dUA-OsUOA
245 _aЛітопис історії Рівненщини
_bПро Рівненську державну обласну бібліотеку
300 _aС.4
955 _a0
041 _aukr
080 _a026
044 _aUA
773 0 _w0
_tВісті Рівненщини
_dРівне
_d2004
_g17 березня
650 7 _2UDC
999 _c311478
_d311478